01135nam a2200217 a 450000100100000000500170001000800410002702000150006804000250008308200150010824502130012326000310033630000420036750000910040950000610050050000470056150002190060870000340082770000320086170000240089300004632920201002052807.0090723s1998 sp ac r 000 0 spa d z8489140111 aDO-SdBNPbspacBNPHU axxxxxbxxx13aLa sagrada biblia :btexto de la edición impresa en 1884 traducida de la Vulgata Latina al español /ctexto Félix Torres Amat; introducción y texto Nihil Obstat; ilustración Rosa María Escartín. aBarcelona :bNauta,c1998. a16, 1324 p. :bil., retrato ;c25 cm. a32 ilustraciones a todo color y comentadas con numerosas citas de los textos sagrados. aIncluye diccionario bíblico e índice de referencias. aIncluye índice de los textos bíblicos. aAclarado el sentido de algunos lugares con la luz que dan los textos originales hebreo y griego, e ilustrada con varias notas sacadas de los Santos Padres y expositores sagrados por el Ilmo. Don Félix Torres Amat12aEscartín, Rosa Maríaeil.12aTorres Amat, Félixetexto12aObstat, Nihileint.